Motivaciones para la locura /

Saved in:
书目详细资料
主要作者: Flores Rivera, Salvador, -1987.
格式: 图书
语言:Spanish
出版: Ciudad Satélite, Estado de México : Ageleste, 2003.
版:1. ed.
主题:
标签: 添加标签
没有标签, 成为第一个标记此记录!
LEADER 00869cam a2200253 a 4500
001 009683043-3
005 20080709111225.0
008 050704s2003 mx 000 0 spa
010 |a  2005451172 
020 |a 9687314044 
035 0 |a ocm54971761 
040 |a DLC  |c DLC  |d DLC 
050 0 0 |a PQ7298.16.L684  |b M68 2003 
082 0 0 |a 861/.64  |2 22 
100 1 |a Flores Rivera, Salvador,  |d -1987. 
245 1 0 |a Motivaciones para la locura /  |c Salvador Flores Rivera. 
250 |a 1. ed. 
260 |a Ciudad Satélite, Estado de México :  |b Ageleste,  |c 2003. 
300 |a 187 p. ;  |c 22 cm. 
653 |a Literatura latinoamericana  |a Poesía. 
653 |a Poesía mexicana 
776 0 8 |i Online version:  |a Flores Rivera, Salvador, -1987.  |t Motivaciones para la locura.  |b 1. ed.  |d Ciudad Satélite, Estado de México : Ageleste, 2003  |w (OCoLC)659424257 
988 |a 20070809 
906 |0 DLC